[Event "GBR/IRL zt (Women)"]
[Site "Blackpool"]
[Date "1990.05.14"]
[Round "2"]
[White "Flear, Christine"]
[Black "Forbes, Cathy"]
[Result "0-1"]
[WhiteElo "2185"]
[BlackElo "2075"]
[PlyCount "90"]
[EventDate "1990.05.13"]
[EventType "tourn"]
[EventRounds "7"]
[EventCountry "ENG"]
[SourceTitle "BritBase"]
[Source "John Saunders"]
[SourceDate "1997.08.31"]
[SourceVersion "1"]
[SourceVersionDate "1997.08.31"]
[SourceQuality "1"]

1. d4 d6 2. e4 Nf6 3. Nc3 g6 4. Nf3 Bg7 5. Be2 O-O 6. O-O Bg4 7. Be3 Nbd7 8. Qd2 c5 9. h3 Bxf3 10. Bxf3 cxd4 11. Bxd4 Rc8 12. Rad1 Ne5 13. Be2 Nc4 14. Bxc4 Rxc4 15. Qd3 Rc8 16. Qe3 a6 17. Bb6 Qe8 18. a4 Nd7 19. Bd4 Ne5 20. b3 f5 21. f4 Bh6 22. exf5 gxf5 23. Nd5 Ng6 24. Qe6+ Qf7 25. Nxe7+ Nxe7 26. Qxh6 Rxc2 27. Qxd6 Ng6 28. Rd3 Rc6 29. Qb4 Re8 30. Ba1 Re4 31. Rd8+ Nf8 32. Qa3 Rc2 33. b4 Ree2 34. Qf3 Rxg2+ 35. Qxg2+ Rxg2+ 36. Kxg2 Qa2+ 37. Kh1 Kf7 38. Be5 Qxa4 39. Bd6 Qc6+ 40. Kh2 Ne6 41. Rh8 Qxd6 42. Rxh7+ Kg6 43. Rxb7 Nxf4 44. Rf3 Qd2+ 45. Kg3 Nh5+ 0-1

[Event "GBR/IRL zt (Women)"]
[Site "Blackpool"]
[Date "1990.05.16"]
[Round "4"]
[White "Flear, Christine"]
[Black "Lalic, Susan Kathryn"]
[Result "1/2-1/2"]
[WhiteElo "2185"]
[BlackElo "2270"]
[PlyCount "122"]
[EventDate "1990.05.13"]
[EventType "tourn"]
[EventRounds "7"]
[EventCountry "ENG"]
[SourceTitle "BritBase"]
[Source "John Saunders"]
[SourceDate "1997.08.31"]
[SourceVersion "1"]
[SourceVersionDate "1997.08.31"]
[SourceQuality "1"]

1. d4 Nf6 2. c4 e6 3. Nc3 Bb4 4. Qc2 c5 5. dxc5 O-O 6. a3 Bxc5 7. Nf3 Nc6 8. Bg5 Nd4 9. Nxd4 Bxd4 10. e3 Qa5 11. exd4 Qxg5 12. Qd2 Qxd2+ 13. Kxd2 b6 14. b4 Bb7 15. f3 Rfc8 16. Bd3 Ba6 17. Ne4 Ne8 18. b5 Bb7 19. Rhc1 d5 20. cxd5 Bxd5 21. Nc3 Bb7 22. Be4 Rab8 23. g4 Rd8 24. Ke3 Nd6 25. a4 Rbc8 26. Bxb7 Nxb7 27. Ne4 Kf8 28. Nd2 Na5 29. f4 Ke7 30. Rab1 h6 31. h4 g6 32. Nf3 f6 33. Kd3 Nb7 34. Rxc8 Rxc8 35. Re1 Kf7 36. g5 hxg5 37. hxg5 Nd6 38. gxf6 Kxf6 39. Ne5 Kf5 40. Nxg6 Rc4 41. Re5+ Kxg6 42. Rxe6+ Kf5 43. Rxd6 Rxa4 44. Rd7 Ke6 45. Rd8 Rb4 46. Ra8 Kd5 47. Rd8+ Ke6 48. Re8+ Kf5 49. Ra8 Rxb5 50. Rxa7 Kxf4 51. Rf7+ Rf5 52. Rb7 b5 53. Re7 Rd5 54. Kc3 Kf5 55. Re8 Kf6 56. Re1 Kf7 57. Kd3 Rh5 58. Re3 Kf6 59. Kc3 Rd5 60. Re8 Kf7 61. Re4 Kf6 1/2-1/2

[Event "GBR/IRL zt (Women)"]
[Site "Blackpool"]
[Date "1990.05.??"]
[Round "?"]
[White "Flear, Christine"]
[Black "Jackson, Sheila"]
[Result "1-0"]
[WhiteElo "2185"]
[BlackElo "2220"]
[PlyCount "75"]
[EventDate "1990.05.13"]
[EventType "tourn"]
[EventRounds "7"]
[EventCountry "ENG"]
[SourceTitle "BritBase"]
[Source "John Saunders"]
[SourceDate "1997.08.31"]
[SourceVersion "1"]
[SourceVersionDate "1997.08.31"]
[SourceQuality "1"]

1. d4 Nf6 2. c4 e6 3. Nc3 Bb4 4. Qc2 O-O 5. a3 Bxc3+ 6. Qxc3 b6 7. Bg5 Bb7 8. e3 h6 9. Bh4 Re8 10. f3 d5 11. Bd3 Nbd7 12. cxd5 exd5 13. Bf2 c5 14. Ne2 Rc8 15. Rd1 Qe7 16. O-O cxd4 17. Qxd4 Ne5 18. Bb5 Red8 19. Rc1 Nc4 20. Rfd1 Nd6 21. Bd3 Re8 22. Qa4 Ra8 23. Nd4 a6 24. Qb4 b5 25. b3 Rac8 26. Qa5 g6 27. a4 bxa4 28. Qxa4 Qd7 29. Qa5 Qd8 30. Qa3 Qb6 31. Kh1 Nd7 32. Rxc8 Rxc8 33. h4 Nc5 34. Be2 Kh7 35. Bg3 Nb5 36. Qb4 Ne6 37. Qe7 Nd8 38. h5 {Time} 1-0

[Event "GBR/IRL zt (Women)"]
[Site "Blackpool"]
[Date "1990.05.??"]
[Round "?"]
[White "Flear, Christine"]
[Black "Powell, Lynda"]
[Result "1/2-1/2"]
[WhiteElo "2185"]
[BlackElo "2010"]
[PlyCount "154"]
[EventDate "1990.05.13"]
[EventType "tourn"]
[EventRounds "7"]
[EventCountry "ENG"]
[SourceTitle "BritBase"]
[Source "John Saunders"]
[SourceDate "1997.08.31"]
[SourceVersion "1"]
[SourceVersionDate "1997.08.31"]
[SourceQuality "1"]

1. d4 Nf6 2. c4 e6 3. Nc3 Bb4 4. Qc2 d5 5. cxd5 exd5 6. Bg5 h6 7. Bxf6 Qxf6 8. a3 Bxc3+ 9. Qxc3 c6 10. e3 O-O 11. Nf3 Bf5 12. Be2 Nd7 13. b4 Nb6 14. a4 Qe6 15. O-O Nc4 16. Bxc4 dxc4 17. Rfe1 b5 18. e4 Bh7 19. axb5 cxb5 20. d5 Qb6 21. Nd4 Rfe8 22. f3 a6 23. Kh1 Kh8 24. Ra5 Bg8 25. Rea1 Kh7 26. Nf5 f6 27. Qd4 Reb8 28. Qxb6 Rxb6 29. Nd4 c3 30. Rxb5 Rxb5 31. Nxb5 Rc8 32. Nd4 c2 33. Rc1 Rc4 34. Nxc2 Bf7 35. Kg1 Be8 36. Kf2 Ba4 37. d6 Bxc2 38. d7 Rd4 39. Rxc2 Rxd7 40. Ke3 Rb7 41. Rc4 Rb5 42. Kd4 a5 43. bxa5 Rxa5 44. Rc2 Kg6 45. g3 Ra3 46. f4 Ra4+ 47. Kd5 Ra5+ 48. Rc5 Ra2 49. f5+ Kh7 50. h4 Ra3 51. g4 Rg3 52. e5 fxe5 53. Rc4 Re3 54. Ke6 Ra3 55. Kxe5 Ra5+ 56. Kf4 Ra7 57. g5 hxg5+ 58. Kxg5 Rb7 59. Ra4 Rc7 60. Ra6 Rb7 61. h5 Rc7 62. h6 Rb7 63. hxg7 Kxg7 64. Rg6+ Kf8 65. Rh6 Rg7+ 66. Kf4 Ra7 67. Rh1 Ra6 68. Rh7 Rb6 69. Kg5 Ra6 70. Rb7 Rc6 71. Ra7 Rb6 72. Ra8+ Kf7 73. Ra5 Rc6 74. f6 Rc1 75. Ra7+ Kf8 76. Rb7 Rg1+ 77. Kf5 Rf1+ 1/2-1/2

[Event "GBR/IRL zt (Women)"]
[Site "Blackpool"]
[Date "1990.05.18"]
[Round "6"]
[White "Forbes, Cathy"]
[Black "McLure, Alison"]
[Result "1/2-1/2"]
[WhiteElo "2075"]
[BlackElo "2010"]
[PlyCount "80"]
[EventDate "1990.05.13"]
[EventType "tourn"]
[EventRounds "7"]
[EventCountry "ENG"]
[SourceTitle "BritBase"]
[Source "John Saunders"]
[SourceDate "1997.08.31"]
[SourceVersion "1"]
[SourceVersionDate "1997.08.31"]
[SourceQuality "1"]

1. d4 e6 2. Nf3 d5 3. Bf4 Nf6 4. e3 c5 5. c3 Nc6 6. Nbd2 cxd4 7. cxd4 Qb6 8. Qb3 Qxb3 9. Nxb3 Nb4 10. Kd1 Ne4 11. Bg3 Bd7 12. Nbd2 Ba4+ 13. b3 Nc3+ 14. Kc1 Ncxa2+ 15. Rxa2 Nxa2+ 16. Kb2 Bxb3 17. Kxb3 Nb4 18. Bb5+ Nc6 19. Ne5 a6 20. Bxc6+ bxc6 21. Nxc6 a5 22. Ra1 Ra6 23. Nxa5 Kd7 24. Kb2 Bb4 25. Nab3 Rxa1 26. Kxa1 Rc8 27. Kb2 Bc3+ 28. Kb1 Rc6 29. Nf3 f6 30. Nc5+ Ke7 31. Nd3 Ba5 32. Nfe1 Kf7 33. f3 Bc3 34. Nc2 Bd2 35. Be1 Rb6+ 36. Ka2 Ra6+ 37. Kb3 Rb6+ 38. Ka4 Ra6+ 39. Kb3 Rb6+ 40. Ka4 Ra6+ 1/2-1/2

[Event "GBR/IRL zt (Women)"]
[Site "Blackpool"]
[Date "1990.05.??"]
[Round "?"]
[White "Forbes, Cathy"]
[Black "Jackson, Sheila"]
[Result "1-0"]
[WhiteElo "2075"]
[BlackElo "2220"]
[PlyCount "115"]
[EventDate "1990.05.13"]
[EventType "tourn"]
[EventRounds "7"]
[EventCountry "ENG"]
[SourceTitle "BritBase"]
[Source "John Saunders"]
[SourceDate "1997.08.31"]
[SourceVersion "1"]
[SourceVersionDate "1997.08.31"]
[SourceQuality "1"]

1. d4 Nf6 2. Nf3 d5 3. Bf4 c6 4. e3 Qb6 5. Qc1 Bf5 6. Nbd2 Nbd7 7. c4 e6 8. c5 Qd8 9. h3 h6 10. Be2 Be7 11. O-O O-O 12. b4 Ne4 13. Nb3 Qc8 14. Na5 a6 15. a4 Bd8 16. Qb2 Re8 17. Rfc1 Bc7 18. Bxc7 Qxc7 19. Nb3 e5 20. b5 exd4 21. b6 Qc8 22. Nfxd4 Ne5 23. Na5 Bd7 24. Bf1 Re7 25. Qe2 Be8 26. Ra3 f5 27. f4 Ng6 28. Kh2 Kh7 29. Qh5 Bd7 30. Bd3 Rb8 31. Qe2 Ra8 32. Qc2 Nf8 33. Rg1 g6 34. Be2 Ne6 35. Nxe6 Bxe6 36. g4 Qf8 37. Bd3 Rd7 38. Nb3 Qf6 39. Nd4 Bf7 40. Rb3 a5 41. gxf5 gxf5 42. Rbb1 Bh5 43. Qg2 Rf7 44. Bxe4 dxe4 45. Qg3 Rd7 46. Rg2 Re8 47. Rbg1 Bf3 48. Qg6+ Qxg6 49. Rxg6 Rf8 50. Rd6 Re7 51. Rgg6 h5 52. Rh6+ Kg7 53. Rdg6+ Kf7 54. Nxf5 Rd7 55. Rg7+ Ke8 56. Nd6+ Kd8 57. Nxb7+ Kc8 58. Nd6+ 1-0

[Event "GBR/IRL zt (Women)"]
[Site "Blackpool"]
[Date "1990.05.??"]
[Round "?"]
[White "Forbes, Cathy"]
[Black "Milligan, Helen"]
[Result "1-0"]
[WhiteElo "2075"]
[BlackElo "2035"]
[PlyCount "53"]
[EventDate "1990.05.13"]
[EventType "tourn"]
[EventRounds "7"]
[EventCountry "ENG"]
[SourceTitle "BritBase"]
[Source "John Saunders"]
[SourceDate "1997.08.31"]
[SourceVersion "1"]
[SourceVersionDate "1997.08.31"]
[SourceQuality "1"]

1. d4 Nf6 2. Nf3 e6 3. Bg5 Be7 4. Nbd2 h6 5. Bh4 d5 6. e3 c5 7. c3 Nbd7 8. Bd3 b6 9. Rc1 O-O 10. Bb1 Bb7 11. Bxf6 Bxf6 12. Qc2 g6 13. h4 e5 14. dxe5 Nxe5 15. h5 d4 16. Nxe5 Bxe5 17. hxg6 dxe3 18. fxe3 Bg3+ 19. Ke2 Qg5 20. Nf3 Qxg6 21. Qxg6+ fxg6 22. Rxh6 Rf6 23. Rch1 Ba6+ 24. Bd3 Bxd3+ 25. Kxd3 Rd6+ 26. Ke2 Rad8 27. R6h3 1-0

[Event "GBR/IRL zt (Women)"]
[Site "Blackpool"]
[Date "1990.05.??"]
[Round "?"]
[White "Forbes, Cathy"]
[Black "Regan, Natasha K"]
[Result "1-0"]
[WhiteElo "2075"]
[BlackElo "2010"]
[PlyCount "75"]
[EventDate "1990.05.13"]
[EventType "tourn"]
[EventRounds "7"]
[EventCountry "ENG"]
[SourceTitle "BritBase"]
[Source "John Saunders"]
[SourceDate "1997.08.31"]
[SourceVersion "1"]
[SourceVersionDate "1997.08.31"]
[SourceQuality "1"]

1. e4 Nf6 2. Nc3 d5 3. exd5 Nxd5 4. Bc4 c6 5. Nf3 Bg4 6. O-O e6 7. Re1 Be7 8. d4 O-O 9. Ne4 Nd7 10. c3 Rc8 11. Bd3 c5 12. dxc5 Nxc5 13. Nxc5 Rxc5 14. Bd2 Nf6 15. Be2 Rd5 16. Nd4 Bc5 17. Be3 e5 18. Bxg4 exd4 19. cxd4 Bxd4 20. Bf3 Rd7 21. Qb3 Bxe3 22. Rxe3 b6 23. h3 h6 24. Ree1 Rd3 25. Qa4 Qb8 26. Qa6 b5 27. Re7 Rd7 28. Rxd7 Nxd7 29. Bc6 Ne5 30. Bxb5 Rd8 31. Re1 Rd5 32. a4 Rd6 33. Qa5 Rd5 34. Qc3 Qd6 35. Qc8+ Kh7 36. Qf5+ Ng6 37. Qxf7 a6 38. Bc4 1-0

[Event "GBR/IRL zt (Women)"]
[Site "Blackpool"]
[Date "1990.05.??"]
[Round "?"]
[White "Jackson, Sheila"]
[Black "Powell, Lynda"]
[Result "1/2-1/2"]
[WhiteElo "2220"]
[BlackElo "2010"]
[PlyCount "34"]
[EventDate "1990.05.13"]
[EventType "tourn"]
[EventRounds "7"]
[EventCountry "ENG"]
[SourceTitle "BritBase"]
[Source "John Saunders"]
[SourceDate "1997.08.31"]
[SourceVersion "1"]
[SourceVersionDate "1997.08.31"]
[SourceQuality "1"]

1. e4 e5 2. Nf3 Nc6 3. Bb5 f5 4. Nc3 Nd4 5. Bc4 c6 6. d3 Nxf3+ 7. Qxf3 Qf6 8. O-O f4 9. g3 g5 10. Kh1 Ne7 11. gxf4 gxf4 12. Qh5+ Ng6 13. Bd2 b5 14. Bb3 Bc5 15. Ne2 d6 16. d4 Bb6 17. a4 Be6 1/2-1/2

[Event "GBR/IRL zt (Women)"]
[Site "Blackpool"]
[Date "1990.05.??"]
[Round "?"]
[White "Jackson, Sheila"]
[Black "Regan, Natasha K"]
[Result "1/2-1/2"]
[WhiteElo "2220"]
[BlackElo "2010"]
[PlyCount "39"]
[EventDate "1990.05.13"]
[EventType "tourn"]
[EventRounds "7"]
[EventCountry "ENG"]
[SourceTitle "BritBase"]
[Source "John Saunders"]
[SourceDate "1997.08.31"]
[SourceVersion "1"]
[SourceVersionDate "1997.08.31"]
[SourceQuality "1"]

1. e4 c5 2. c3 d5 3. exd5 Nf6 4. Nf3 Nxd5 5. d4 cxd4 6. Qxd4 Nc6 7. Bb5 e6 8. O-O Bd7 9. Qe4 Be7 10. Nbd2 O-O 11. Bd3 f5 12. Qe1 Kh8 13. Nc4 Bf6 14. Nce5 Nxe5 15. Nxe5 Qc7 16. Nxd7 Qxd7 17. Qe2 Rad8 18. Bc4 a6 19. a4 e5 20. f3 1/2-1/2

[Event "GBR/IRL zt (Women)"]
[Site "Blackpool"]
[Date "1990.05.17"]
[Round "5"]
[White "Lalic, Susan Kathryn"]
[Black "Forbes, Cathy"]
[Result "0-1"]
[WhiteElo "2270"]
[BlackElo "2075"]
[PlyCount "108"]
[EventDate "1990.05.13"]
[EventType "tourn"]
[EventRounds "7"]
[EventCountry "ENG"]
[SourceTitle "BritBase"]
[Source "John Saunders"]
[SourceDate "1997.08.31"]
[SourceVersion "1"]
[SourceVersionDate "1997.08.31"]
[SourceQuality "1"]

1. e4 d6 2. d4 Nf6 3. Nc3 g6 4. Nf3 Bg7 5. Be2 O-O 6. O-O Bg4 7. h3 Bxf3 8. Bxf3 Nc6 9. Ne2 e5 10. c3 Re8 11. d5 Ne7 12. c4 Nd7 13. Nc3 f5 14. Bd2 Rf8 15. Rb1 Nf6 16. b4 fxe4 17. Nxe4 Nxe4 18. Bxe4 Nf5 19. c5 Qh4 20. Qg4 Qxg4 21. hxg4 Nd4 22. f3 Rf7 23. Kf2 Bf8 24. c6 b5 25. Rh1 Be7 26. Rh3 Bf6 27. Rbh1 Rg7 28. g5 Be7 29. g4 Rf8 30. Rc1 Rgf7 31. Rc3 a6 32. Ra3 Kg7 33. Rxa6 Nxf3 34. Rxf3 Rxf3+ 35. Bxf3 e4 36. Bc3+ Kg8 37. Bf6 Bxf6 38. gxf6 Rxf6 39. Ra5 Rxf3+ 40. Ke2 h5 41. gxh5 gxh5 42. Rxb5 h4 43. Rb8+ Rf8 44. Rxf8+ Kxf8 45. b5 Ke7 46. a4 h3 47. a5 h2 48. b6 cxb6 49. axb6 h1=Q 50. b7 Qf3+ 51. Ke1 Qb3 52. Ke2 Kd8 53. Ke1 Kc7 54. Ke2 Qxd5 0-1

[Event "GBR/IRL zt (Women)"]
[Site "Blackpool"]
[Date "1990.05.??"]
[Round "?"]
[White "Lalic, Susan Kathryn"]
[Black "McLure, Alison"]
[Result "1-0"]
[WhiteElo "2270"]
[BlackElo "2010"]
[PlyCount "109"]
[EventDate "1990.05.13"]
[EventType "tourn"]
[EventRounds "7"]
[EventCountry "ENG"]
[SourceTitle "BritBase"]
[Source "John Saunders"]
[SourceDate "1997.08.31"]
[SourceVersion "1"]
[SourceVersionDate "1997.08.31"]
[SourceQuality "1"]

1. b4 d5 2. Bb2 Bf5 3. e3 e6 4. Nf3 Nf6 5. a3 c5 6. bxc5 Bxc5 7. c4 O-O 8. cxd5 Nxd5 9. Nc3 Nc6 10. Rc1 Nxc3 11. Rxc3 Qd6 12. Nh4 Rfd8 13. Nxf5 exf5 14. Be2 Bb6 15. Rd3 Qg6 16. O-O f4 17. Rxd8+ Rxd8 18. Qc1 Qd6 19. Qc3 f6 20. Qc4+ Kh8 21. Bc3 Bc7 22. g3 fxg3 23. fxg3 Ne5 24. Qe4 Qd5 25. Qxd5 Rxd5 26. d4 Nc6 27. Rb1 b6 28. Bf3 Rd6 29. Rc1 Ne7 30. Bb4 Rd7 31. d5 Bd6 32. Bxd6 Rxd6 33. Rc7 Ng8 34. Rxa7 g6 35. e4 Nh6 36. Kf2 Kg8 37. Ke3 Nf7 38. Bg4 Ne5 39. Be6+ Kh8 40. a4 Nc4+ 41. Kd4 Ne5 42. Rc7 Nf3+ 43. Ke3 Ne5 44. h4 h5 45. Ke2 Rd8 46. Ra7 Rd6 47. Ke3 Rd8 48. Rb7 Rd6 49. Kd4 Nc6+ 50. Kc3 Ne5 51. Kb4 Nd3+ 52. Kb5 Nc5 53. Rxb6 Rxb6+ 54. Kxb6 Nxa4+ 55. Kc6 1-0

[Event "GBR/IRL zt (Women)"]
[Site "Blackpool"]
[Date "1990.05.??"]
[Round "?"]
[White "Lalic, Susan Kathryn"]
[Black "Regan, Natasha K"]
[Result "1-0"]
[WhiteElo "2270"]
[BlackElo "2010"]
[PlyCount "83"]
[EventDate "1990.05.13"]
[EventType "tourn"]
[EventRounds "7"]
[EventCountry "ENG"]
[SourceTitle "BritBase"]
[Source "John Saunders"]
[SourceDate "1997.08.31"]
[SourceVersion "1"]
[SourceVersionDate "1997.08.31"]
[SourceQuality "1"]

1. e4 Nf6 2. e5 Nd5 3. d4 d6 4. c4 Nb6 5. exd6 cxd6 6. Nc3 g6 7. h3 Bg7 8. Nf3 Nc6 9. Be2 O-O 10. O-O d5 11. c5 Nc4 12. Bxc4 dxc4 13. d5 Nb4 14. Be3 Bf5 15. a3 Nc2 16. Rc1 Nxe3 17. fxe3 Bd3 18. Rf2 Bxc3 19. Rxc3 Qxd5 20. b3 Rad8 21. bxc4 Qe4 22. Rd2 Qxe3+ 23. Kh1 Be2 24. Rxd8 Qxc3 25. Rxf8+ Kxf8 26. Qxe2 Qxa3 27. Qe5 f6 28. Qd4 a5 29. Kh2 Qb4 30. Qd8+ Kf7 31. Qd5+ Ke8 32. c6 bxc6 33. Qxc6+ Kd8 34. c5 a4 35. Qd5+ Kc8 36. Nd4 Qb8+ 37. Kg1 Qb1+ 38. Kf2 Qb2+ 39. Kg3 Qc3+ 40. Kh2 Qb2 41. Qc6+ Kb8 42. Qe8+ 1-0

[Event "GBR/IRL zt (Women)"]
[Site "Blackpool"]
[Date "1990.05.??"]
[Round "?"]
[White "McLure, Alison"]
[Black "Flear, Christine"]
[Result "0-1"]
[WhiteElo "2010"]
[BlackElo "2185"]
[PlyCount "72"]
[EventDate "1990.05.13"]
[EventType "tourn"]
[EventRounds "7"]
[EventCountry "ENG"]
[SourceTitle "BritBase"]
[Source "John Saunders"]
[SourceDate "1997.08.31"]
[SourceVersion "1"]
[SourceVersionDate "1997.08.31"]
[SourceQuality "1"]

1. e4 e5 2. Nf3 Nc6 3. Bb5 a6 4. Ba4 Nf6 5. O-O Nxe4 6. d4 b5 7. Bb3 d5 8. dxe5 Be6 9. Nbd2 Nc5 10. c3 Bg4 11. Re1 Be7 12. Bc2 Qd7 13. Nf1 Rd8 14. h3 Bh5 15. Ng3 Bg6 16. Be3 Ne6 17. Nf5 O-O 18. Nxe7+ Nxe7 19. Nd4 Bxc2 20. Qxc2 Ng6 21. Nxe6 fxe6 22. Bg5 Rc8 23. Be3 Nxe5 24. Bd4 Ng6 25. b4 Rce8 26. Rad1 e5 27. Bc5 Rf6 28. Qd3 Nf4 29. Qf3 c6 30. Qg4 Qf7 31. g3 Rg6 32. Qh4 Rh6 33. Qg4 Nxh3+ 34. Kg2 Nf4+ 35. Kg1 Rg6 36. Qh4 Qf5 0-1

[Event "GBR/IRL zt (Women)"]
[Site "Blackpool"]
[Date "1990.05.??"]
[Round "?"]
[White "McLure, Alison"]
[Black "Milligan, Helen"]
[Result "1/2-1/2"]
[WhiteElo "2010"]
[BlackElo "2035"]
[PlyCount "41"]
[EventDate "1990.05.13"]
[EventType "tourn"]
[EventRounds "7"]
[EventCountry "ENG"]
[SourceTitle "BritBase"]
[Source "John Saunders"]
[SourceDate "1997.08.31"]
[SourceVersion "1"]
[SourceVersionDate "1997.08.31"]
[SourceQuality "1"]

1. e4 e5 2. Nf3 Nf6 3. Nxe5 d6 4. Nf3 Nxe4 5. Nc3 Nxc3 6. dxc3 Be7 7. Be3 Nd7 8. Qd2 Nf6 9. Bd3 Bg4 10. Nd4 O-O 11. f3 Bd7 12. c4 d5 13. O-O-O c5 14. Nf5 dxc4 15. Nxe7+ Qxe7 16. Bxc4 b5 17. Bd3 c4 18. Be4 c3 19. Qxc3 Nxe4 20. fxe4 Rfc8 21. Qd4 1/2-1/2

[Event "GBR/IRL zt (Women)"]
[Site "Blackpool"]
[Date "1990.05.??"]
[Round "?"]
[White "McLure, Alison"]
[Black "Powell, Lynda"]
[Result "1/2-1/2"]
[WhiteElo "2010"]
[BlackElo "2010"]
[PlyCount "82"]
[EventDate "1990.05.13"]
[EventType "tourn"]
[EventRounds "7"]
[EventCountry "ENG"]
[SourceTitle "BritBase"]
[Source "John Saunders"]
[SourceDate "1997.08.31"]
[SourceVersion "1"]
[SourceVersionDate "1997.08.31"]
[SourceQuality "1"]

1. e4 c5 2. c3 e6 3. d4 d5 4. exd5 exd5 5. Nf3 Bd6 6. dxc5 Bxc5 7. Be2 Nc6 8. Nbd2 Nge7 9. Nb3 Bb6 10. O-O Bd7 11. Bg5 f6 12. Bf4 Bc7 13. Bxc7 Qxc7 14. Nfd4 Ne5 15. Bb5 Bxb5 16. Nxb5 Qb6 17. Qe2 O-O-O 18. a4 a6 19. N5d4 h5 20. f4 N5c6 21. a5 Nxd4 22. Nxd4 Qd6 23. Qe6+ Qxe6 24. Nxe6 Rd6 25. Nxg7 Rh7 26. Ne8 Rc6 27. Rad1 Kd7 28. Nxf6+ Rxf6 29. c4 Rd6 30. cxd5 Rxd5 31. b4 Rxd1 32. Rxd1+ Ke6 33. b5 axb5 34. Rb1 Nd5 35. Rxb5 Nxf4 36. a6 bxa6 37. Rb6+ Ke5 38. Rxa6 Rf7 39. g3 Nd5 40. Kg2 Ne3+ 41. Kh3 Rf5 1/2-1/2

[Event "GBR/IRL zt (Women)"]
[Site "Blackpool"]
[Date "1990.05.??"]
[Round "?"]
[White "Milligan, Helen"]
[Black "Jackson, Sheila"]
[Result "0-1"]
[WhiteElo "2035"]
[BlackElo "2220"]
[PlyCount "102"]
[EventDate "1990.05.13"]
[EventType "tourn"]
[EventRounds "7"]
[EventCountry "ENG"]
[SourceTitle "BritBase"]
[Source "John Saunders"]
[SourceDate "1997.08.31"]
[SourceVersion "1"]
[SourceVersionDate "1997.08.31"]
[SourceQuality "1"]

1. e4 e5 2. Nf3 Nc6 3. Bb5 a6 4. Bxc6 dxc6 5. O-O f6 6. d4 exd4 7. Nxd4 c5 8. Nb3 Qxd1 9. Rxd1 Bg4 10. f3 Be6 11. Be3 b6 12. Nc3 Bd6 13. Nd5 O-O-O 14. a4 Ne7 15. Nxe7+ Bxe7 16. a5 Rxd1+ 17. Rxd1 Rd8 18. Rxd8+ Kxd8 19. Nc1 Kd7 20. Kf2 bxa5 21. Ne2 c4 22. Nd4 Bf7 23. Nf5 Bf8 24. Bd4 Be6 25. Ne3 a4 26. Ke2 a3 27. bxa3 Bxa3 28. Kd2 Bb4+ 29. Bc3 c5 30. Nd1 a5 31. Kc1 a4 32. Ba1 Kc6 33. c3 Ba5 34. Bb2 Kb5 35. Ba3 Bc7 36. g3 h5 37. Kd2 g5 38. Ke3 h4 39. f4 hxg3 40. hxg3 gxf4+ 41. gxf4 Bg4 42. Nf2 Bh5 43. Nh3 Ba5 44. Kd2 Kc6 45. Nf2 Bf3 46. Ke3 Bxc3 47. Kxf3 Bb4 48. Bb2 c3 49. Ba1 c4 50. Ke2 c2 51. Bb2 a3 0-1

[Event "GBR/IRL zt (Women)"]
[Site "Blackpool"]
[Date "1990.05.??"]
[Round "?"]
[White "Milligan, Helen"]
[Black "Powell, Lynda"]
[Result "1-0"]
[WhiteElo "2035"]
[BlackElo "2010"]
[PlyCount "89"]
[EventDate "1990.05.13"]
[EventType "tourn"]
[EventRounds "7"]
[EventCountry "ENG"]
[SourceTitle "BritBase"]
[Source "John Saunders"]
[SourceDate "1997.08.31"]
[SourceVersion "1"]
[SourceVersionDate "1997.08.31"]
[SourceQuality "1"]

1. e4 c5 2. Nf3 Nc6 3. d4 cxd4 4. Nxd4 Nf6 5. Nc3 e5 6. Ndb5 d6 7. Bg5 a6 8. Na3 b5 9. Nd5 Be7 10. Bxf6 Bxf6 11. c3 O-O 12. Nc2 Rb8 13. Be2 Bg5 14. Nce3 Ne7 15. O-O Bxe3 16. Nxe3 Bb7 17. Qc2 d5 18. Rfd1 d4 19. cxd4 exd4 20. Qc5 Nc6 21. Nf5 Qg5 22. Rac1 Rfd8 23. h4 Qf6 24. Rd3 Ne5 25. Rxd4 Rxd4 26. Nxd4 Bxe4 27. f3 Ba8 28. Qc8+ Qd8 29. Qxd8+ Rxd8 30. Kf2 g6 31. Ke3 Bd5 32. b3 Rd6 33. f4 Nc6 34. Nxc6 Bxc6 35. g3 Kg7 36. Rc5 Kf6 37. Bg4 a5 38. a3 Ke7 39. b4 axb4 40. axb4 Be8 41. Be2 Rb6 42. Kd4 Kd6 43. Rd5+ Ke6 44. Re5+ Kd7 45. Bxb5+ 1-0

[Event "GBR/IRL zt (Women)"]
[Site "Blackpool"]
[Date "1990.05.??"]
[Round "?"]
[White "Milligan, Helen"]
[Black "Lalic, Susan Kathryn"]
[Result "0-1"]
[WhiteElo "2035"]
[BlackElo "2270"]
[PlyCount "128"]
[EventDate "1990.05.13"]
[EventType "tourn"]
[EventRounds "7"]
[EventCountry "ENG"]
[SourceTitle "BritBase"]
[Source "John Saunders"]
[SourceDate "1997.08.31"]
[SourceVersion "1"]
[SourceVersionDate "1997.08.31"]
[SourceQuality "1"]

1. e4 c6 2. d4 d5 3. Nd2 dxe4 4. Nxe4 Nd7 5. Bd3 Ngf6 6. Ng5 e6 7. N1f3 Bd6 8. c3 h6 9. Ne4 Nxe4 10. Bxe4 Qc7 11. Bd2 c5 12. O-O Nf6 13. Bc2 cxd4 14. cxd4 Bd7 15. Ne5 Bxe5 16. dxe5 Qxe5 17. Bc3 Qg5 18. f4 Qc5+ 19. Bd4 Qd6 20. f5 Bb5 21. Ba4 O-O-O 22. Rc1+ Kb8 23. Bxa7+ Kxa7 24. Qxd6 Rxd6 25. Bxb5 Rd2 26. Rf2 Rxf2 27. Kxf2 exf5 28. a4 Rd8 29. Rc7 Ne4+ 30. Ke3 Nd6 31. Bd3 Kb6 32. Re7 Kc5 33. b3 g5 34. Bc4 Nxc4+ 35. bxc4 f4+ 36. Ke2 b6 37. Rc7+ Kd4 38. Rxf7 Rd6 39. Rc7 Re6+ 40. Kd2 g4 41. Rf7 Ke4 42. Ke2 h5 43. Rh7 Kf5+ 44. Kf2 Kg5 45. Rg7+ Kf6 46. Rc7 Rd6 47. c5 Rd2+ 48. Kf1 bxc5 49. Rxc5 Kg6 50. a5 Ra2 51. Rb5 h4 52. Rc5 Ra1+ 53. Kf2 Ra3 54. Rb5 h3 55. gxh3 Rxh3 56. Kg1 Ra3 57. Rc5 Ra2 58. Rb5 f3 59. Rc5 Ra1+ 60. Kf2 Rh1 61. Rc6+ Kg5 62. Rc8 Rxh2+ 63. Kf1 Ra2 64. Rc5+ Kf4 0-1

[Event "GBR/IRL zt (Women)"]
[Site "Blackpool"]
[Date "1990.05.??"]
[Round "?"]
[White "Milligan, Helen"]
[Black "Flear, Christine"]
[Result "1/2-1/2"]
[WhiteElo "2035"]
[BlackElo "2185"]
[PlyCount "145"]
[EventDate "1990.05.13"]
[EventType "tourn"]
[EventRounds "7"]
[EventCountry "ENG"]
[SourceTitle "BritBase"]
[Source "John Saunders"]
[SourceDate "1997.08.31"]
[SourceVersion "1"]
[SourceVersionDate "1997.08.31"]
[SourceQuality "1"]

1. e4 e5 2. Nf3 Nc6 3. Bb5 a6 4. Bxc6 dxc6 5. O-O Bd6 6. d4 exd4 7. Qxd4 f6 8. Nbd2 Be6 9. b3 Ne7 10. Nc4 Bb4 11. Qxd8+ Rxd8 12. Bb2 Bxc4 13. bxc4 O-O 14. Nd4 Kf7 15. Rad1 Ng6 16. f4 Bc5 17. g3 Rfe8 18. Rfe1 Nf8 19. Kg2 Bxd4 20. Rxd4 Ne6 21. Rxd8 Rxd8 22. Kf2 Nc5 23. e5 f5 24. Ke3 Na4 25. e6+ Kxe6 26. Bxg7 Nb6 27. c5 Nc4+ 28. Kf3+ Kf7 29. Bc3 Na3 30. Re5 Rd5 31. g4 fxg4+ 32. Kxg4 Nxc2 33. Re2 Na3 34. Be5 Rxc5 35. Bxc7 Rc2 36. Rxc2 Nxc2 37. Kf5 Nb4 38. a3 Nd5 39. Bd6 Ne3+ 40. Ke4 Ke6 41. Bc5 Nf5 42. a4 b5 43. axb5 cxb5 44. Bb4 Nd6+ 45. Kd4 Nc4 46. Ke4 a5 47. f5+ Kf7 48. Be1 a4 49. Kd3 a3 50. Bc3 Nb6 51. Kc2 Nd5 52. Bd4 Ne7 53. Kb3 Nxf5 54. Bc5 a2 55. Kxa2 Ke6 56. Kb3 Kd5 57. Kb4 Kc6 58. Bf2 h5 59. Be1 Nd4 60. Bd2 Kd5 61. Bg5 Ke4 62. Bf6 Nf3 63. Kxb5 Nxh2 64. Kc4 Kf5 65. Bd8 Ke4 66. Kc3 Nf3 67. Kc2 Ke3 68. Kd1 Kf2 69. Be7 Ne5 70. Bh4+ Kf1 71. Bd8 Nf3 72. Bf6 Kf2 73. Bd8 1/2-1/2